[Event "9th Ugra Governor's Cup B"]
[Site "Khanty-Mansiysk RUS"]
[Date "2013.12.03"]
[Round "6"]
[White "Trapeznikova,D"]
[Black "Goriatchkin,J"]
[Result "1/2-1/2"]
[WhiteElo "2069"]
[BlackElo "2322"]

1.Nf3 e6 2.g3 b6 3.Bg2 Bb7 4.O-O c5 5.c4 Nf6 6.Nc3 Be7 7.d4 cxd4 8.Qxd4 Nc6
9.Qd3 O-O 10.e4 d6 11.Rd1 Ne5 12.Qe2 Qc7 13.b3 a6 14.Ba3 Rfd8 15.Rac1 Bf8
16.Nd4 Nc6 17.Nc2 Rac8 18.f4 Na7 19.Nd4 Nc6 20.Nc2 Na7 21.Nd4 Nc6 22.Nc2  1/2-1/2

[Event "IV JAHV McGregor 2013"]
[Site "Bogota COL"]
[Date "2013.12.08"]
[Round "8.23"]
[White "Condori,E"]
[Black "Lopez,CM CUB"]
[Result "0-1"]
[WhiteElo "2157"]
[BlackElo "2324"]

1.c4 c5 2.g3 e6 3.Nf3 b6 4.Bg2 Bb7 5.O-O Nf6 6.Nc3 Be7 7.Re1 d6 8.e4 a6 9.d4 cxd4
10.Nxd4 Qc7 11.Nd5 exd5 12.exd5 O-O 13.Nf5 Re8 14.Bg5 Bc8 15.Nxe7+ Rxe7 16.Bxf6 Rxe1+
17.Qxe1 gxf6 18.Qe3 Nd7 19.Qh6 Qd8 20.Re1 Nf8 21.Re4 Ra7 22.Qe3 Bd7 23.g4 Ng6
24.f4 Ra8 25.Qg3 f5 26.gxf5 Bxf5 27.Re3 Qf6  0-1

[Event "52nd TCh-DEN XtraCon 2013-14"]
[Site "Denmark DEN"]
[Date "2013.12.08"]
[Round "3.2"]
[White "Sorensen,B"]
[Black "Laursen,N1"]
[Result "0-1"]
[WhiteElo "2247"]
[BlackElo "2290"]

1.Nf3 c5 2.c4 Nf6 3.g3 b6 4.Bg2 Bb7 5.O-O e6 6.Nc3 a6 7.d4 cxd4 8.Nxd4 Bxg2
9.Kxg2 Qc7 10.Qd3 Nc6 11.b3 Be7 12.Bb2 O-O 13.e4 Rab8 14.Rac1 Qb7 15.Kg1 d6
16.h3 Nxd4 17.Qxd4 b5 18.Rfe1 Rfc8 19.Nb1 bxc4 20.Rxc4 Rxc4 21.Qxc4 Rc8 22.Qd4 Rc2
23.Na3 e5 24.Qd1 Rxb2 25.Nc4 Rxa2 26.Qb1 Qb4 27.Re3 Ra5 28.Nxa5 Qxa5 29.b4 Qc7
30.b5 axb5 31.Qxb5 h5 32.Kg2 g6 33.Qb2 Qc6 34.f3 Nd7 35.Ra3 h4 36.Ra7 Bg5
37.Qe2 hxg3 38.Ra6 Qc5 39.Kxg3 Qg1+  0-1

[Event "63rd ch-HUN 2013"]
[Site "Gyula HUN"]
[Date "2013.12.08"]
[Round "6.4"]
[White "Banusz,T"]
[Black "Medvegy,Z"]
[Result "1/2-1/2"]
[WhiteElo "2598"]
[BlackElo "2537"]

1.Nf3 Nf6 2.c4 b6 3.g3 Bb7 4.Bg2 c5 5.O-O e6 6.Nc3 Be7 7.d4 cxd4 8.Qxd4 O-O
9.Rd1 Qc8 10.Bf4 Rd8 11.Rac1 d6 12.Qd2 Ne4 13.Nxe4 Bxe4 14.Bg5 Qb7 15.Bxe7 Qxe7
16.Qf4 Bb7 17.Rd2 Na6 18.Rcd1 d5 19.cxd5 Bxd5 20.Ne5 f6 21.Bxd5 Rxd5 22.Qf3 Nc7
23.Rxd5 exd5 24.Nc6 Qc5 25.Nd4 Re8 26.Qg4 Re4 27.Qc8+ Re8 28.Qb7 a5 29.e3 Re7
30.Rd3 Nb5 31.Qb8+ Kf7 32.Nxb5 Qxb5 33.Rb3 Qa4 34.Qd8 Qe4 35.Rc3 Qb1+ 36.Kg2 Qe4+
37.f3 Qe6 38.Rb3 Qc6 39.Rc3 Qb5 40.Kg1 Rd7 41.Qc8 Re7 42.Qd8 Rd7 43.Rc7 Rxc7
44.Qxc7+ Ke6 45.Qc8+ Kf7 46.Qc7+ Ke6 47.Qc8+  1/2-1/2

[Event "25th Carlos Torre Open"]
[Site "Merida MEX"]
[Date "2013.12.13"]
[Round "1.1"]
[White "Bruzon Batista,L"]
[Black "Gutierrez Carmona,J"]
[Result "1-0"]
[WhiteElo "2677"]
[BlackElo "2101"]

1.Nf3 Nf6 2.g3 b6 3.Bg2 Bb7 4.O-O e6 5.c4 c5 6.Nc3 Be7 7.Re1 d6 8.e4 e5 9.a3 Nc6
10.Rb1 O-O 11.b4 Ne8 12.bxc5 dxc5 13.Nd5 Nd6 14.d3 Bf6 15.Bh3 Bc8 16.Bxc8 Rxc8
17.Bb2 Re8 18.Nd2 g6 19.f4 Bg7 20.Nf3 f6 21.Bc3 Nd4 22.Nxd4 cxd4 23.Bb4 Qd7
24.Rf1 Nf7 25.Rb2 exf4 26.gxf4 f5 27.exf5 Qxf5 28.Ne7+ Rxe7 29.Bxe7 Nh6 30.Bh4 Ng4
31.Rb5 Qe6 32.Qf3 Ne3 33.Re1 Rf8 34.Bf2 Qd6 35.Bxe3 dxe3 36.Qd5+ Qxd5 37.Rxd5 Rxf4
38.Rd8+ Rf8 39.Rxf8+ Kxf8 40.Kg2 Bh6 41.Kf3 Ke7 42.d4 Kd6 43.Rb1 Kc6 44.a4 Bg5
45.Rb5  1-0

[Event "SportAccord Blitz Women 2013"]
[Site "Beijing CHN"]
[Date "2013.12.16"]
[Round "26.4"]
[White "Ju Wenjun"]
[Black "Dzagnidze,N"]
[Result "1-0"]
[WhiteElo "2514"]
[BlackElo "2557"]

1.Nf3 c5 2.g3 b6 3.Bg2 Bb7 4.O-O Nf6 5.c4 e6 6.Nc3 Be7 7.Re1 O-O 8.e4 d6
9.d4 cxd4 10.Nxd4 Qc8 11.b3 Nc6 12.Bb2 a6 13.Rc1 Rd8 14.h3 Ne5 15.Qd2 Qc7
16.f4 Ned7 17.f5 e5 18.Nc2 b5 19.Ne3 Qb6 20.Kh2 Rac8 21.Rcd1 Bc6 22.Re2 Qb7
23.cxb5 axb5 24.Ncd5 Bxd5 25.Nxd5 Nxd5 26.Qxd5 Qb6 27.a4 Nf6 28.Qd3 Rb8 29.Bc3 bxa4
30.bxa4 Qb3 31.a5 Rdc8 32.Be1 Qa4 33.Rb1 Nd7 34.Rxb8 Rxb8 35.Qc2 Qb5 36.Re3 Nc5
37.Ra3 Na6 38.Qd3 Qc6 39.Rc3 Nc5 40.Qc2 Qb5 41.Ra3 h6 42.Qa2 Na6 43.Rc3 Nc5
44.Ra3 Na6 45.Rc3 Bd8 46.Ra3 Rc8 47.Rb3 Qc4 48.Qb2 Kf8 49.Rc3 Qd4 50.Qd2 Rxc3
51.Qxc3 Qxc3 52.Bxc3 Nc5 53.Bf3 Ke7 54.Kg2 Kd7 55.Kf2 Kc6 56.Ke3 Bc7 57.Be2 Bb8
58.Bc4 f6 59.Kf3 Ba7 60.Bd5+ Kb5 61.Kg4 Na4 62.Bd2 Nb2 63.Kh5 Nc4 64.Be1 Nxa5
65.Kg6 Nc4 66.Kxg7 Ne3 67.Ba8 Bd4 68.Kxf6 d5 69.exd5 e4+ 70.Ke6 Nc2 71.Bd2 e3
72.Bxe3 Nxe3 73.d6 Bb6 74.d7 Nf1 75.f6 Nxg3 76.f7 Ne2 77.f8=Q  1-0

[Event "20th Zadar Open A 2013"]
[Site "Zadar CRO"]
[Date "2013.12.16"]
[Round "3.15"]
[White "Rukavina,J"]
[Black "Cela,S"]
[Result "1-0"]
[WhiteElo "2407"]
[BlackElo "2326"]

1.Nf3 Nf6 2.c4 c5 3.g3 b6 4.Bg2 Bb7 5.O-O e6 6.b3 d6 7.Bb2 Nbd7 8.e3 Be7
9.Qe2 O-O 10.Rd1 Qc7 11.Nc3 a6 12.d4 Rfe8 13.Rac1 Rac8 14.Ne1 Bxg2 15.Nxg2 Qb7
16.d5 Bf8 17.dxe6 fxe6 18.Ne1 Ne5 19.f4 Nc6 20.Nf3 d5 21.Ne5 d4 22.Nb1 dxe3
23.Qxe3 Nd4 24.Nd2 Rcd8 25.Bxd4 Rxd4 26.Ndf3 Rd6 27.Rxd6 Bxd6 28.Rd1 Bxe5
29.Nxe5 Qc7 30.Rd2 Rd8 31.Nf3 Re8 32.Qe2 h6 33.Rd3 b5 34.Re3 bxc4 35.Rxe6 Rxe6
36.Qxe6+ Kh8 37.Qxc4 Qd6 38.Qe2 Qd5 39.Kg2 a5 40.Qe5 Qc6 41.Qe3 a4  1-0

[Event "25th Carlos Torre Open"]
[Site "Merida MEX"]
[Date "2013.12.18"]
[Round "7.2"]
[White "Cordova,E"]
[Black "Quesada Perez,Yu"]
[Result "1/2-1/2"]
[WhiteElo "2596"]
[BlackElo "2639"]

1.Nf3 Nf6 2.g3 b6 3.Bg2 Bb7 4.O-O e6 5.c4 c5 6.b3 Be7 7.Bb2 O-O 8.e3 Nc6
9.Nc3 d5 10.cxd5 Nxd5 11.Nxd5 exd5 12.d4 Qd7 13.dxc5 bxc5 14.Qd2 Rfd8 15.Rfd1 Qe6
16.Rac1 a5 17.Ne1 d4 18.Nd3 dxe3 19.Qxe3 Qxe3 20.fxe3 Rd7 21.Ne5 Nxe5 22.Rxd7 Nxd7
23.Bxb7 Ra7 24.Bc6 Rc7 25.Bb5 Nb6 26.Kf2 a4 27.bxa4 Ra7 28.Bc3 Nxa4 29.Bd2 Kf8
30.Ke2 Bd6 31.Kf3 f6 32.h3 Ke7 33.Rc4 Nb6 34.Re4+ Be5 35.a4 Kd6 36.a5 Nd5
37.Rc4 Rb7 38.Ba4 Nb4 39.g4 Kd5 40.Bb3 Kd6 41.Ba4 Kd5 42.Bb3  1/2-1/2

[Event "Russian Rapid Cup Final 2013"]
[Site "Khanty-Mansiysk RUS"]
[Date "2013.12.20"]
[Round "1.1"]
[White "Belous,V"]
[Black "Pridorozhni,A"]
[Result "0-1"]
[WhiteElo "2550"]
[BlackElo "2517"]

1.c4 e6 2.Nf3 b6 3.g3 Bb7 4.Bg2 c5 5.O-O Nf6 6.Nc3 Be7 7.Re1 d5 8.cxd5 Nxd5
9.d3 O-O 10.Bd2 Nc6 11.Rc1 Qd7 12.a3 Rfd8 13.Qa4 Nd4 14.Qxd7 Nxf3+ 15.Bxf3 Rxd7
16.Rc2 Nxc3 17.Bxb7 Nxe2+ 18.Rxe2 Rxb7 19.b4 Rd7 20.bxc5 Bxc5 21.Bb4 Bxb4
22.axb4 Rxd3 23.Rc7 g5 24.Rb7 Rd5 25.Rc2 Rf5 26.Kg2 h5 27.Ra2 Rb5 28.Rc2 Rf5
29.Ra2 Kg7 30.h3 Kg6 31.Rc2 b5 32.Ra2 a6 33.Rc2 h4 34.gxh4 gxh4 35.Rd2 Rf4
36.Rd3 Rxb4 37.Rf3 f5 38.Rd3 Kf6 39.Rdd7 a5 40.Rf7+ Ke5 41.Rb6 a4 42.Re7 a3
43.Rexe6+ Kf4 44.Re3 a2 45.Rh6 Rg8+ 46.Kh2 Rb2 47.Rxh4+ Kg5 48.Rh7 a1=Q 49.Rg3+ Kf6  0-1